000 00627cam a2200181 i 4500
005 20251217113455.0
008 250721s2012 jo gr 000 0 ara d
082 1 4 _a216.92
_bع و ض
100 1 _aالعوضي، أحمد
_eمؤلف.
245 1 0 _aالنظام الاقتصادي في الإسلام /
_cالاستاذ الدكتور احمد العوضي.
250 _aالطبعه الاولى.
264 3 1 _aعمان :
_bالمؤلف،
_c2012.
300 _a307 صفحه.
650 1 7 _aالاقتصاد الاسلامي.
650 1 7 _aالفقه الاسلامي.
942 _2ddc
_cBK
999 _c125589
_d125589